[Event "British ch-KO 2015"]
[Site "London ENG"]
[Date "2015.12.09"]
[Round "3.6"]
[White "Howell, David W L"]
[Black "Pert, Nicholas"]
[Result "1-0"]
[WhiteTitle "GM"]
[BlackTitle "GM"]
[WhiteElo "2693"]
[BlackElo "2569"]
[WhiteFideId "410608"]
[BlackFideId "403989"]
[EventDate "2015.12.01"]

1. e4 c5 2. c3 Nf6 3. e5 Nd5 4. Nf3 Nc6 5. d4 cxd4 6. Bc4 Nb6 7. Bb3 d5 8. exd6
Qxd6 9. O-O Be6 10. Nxd4 Nxd4 11. cxd4 Bxb3 12. Qxb3 e6 13. Nc3 Qb4 14. d5 Qxb3
15. axb3 Nxd5 16. Nxd5 exd5 17. Rd1 Bc5 18. Rxd5 Bb6 19. Re5+ Kf8 20. Be3 f6 21.
Bc5+ Kf7 22. Re7+ Kg6 23. Bxb6 axb6 24. Rae1 Rhd8 25. Rxb7 Ra2 26. h3 Rxb2 27.
Ree7 Rxb3 28. Rxg7+ Kf5 29. Rxh7 Rd1+ 30. Kh2 Rd2 31. f3 Rbb2 32. Rhg7 Kf4 33.
Rbf7 Rd6 34. h4 f5 35. h5 Rb5 36. Rg6 Rd1 37. Rgf6 Rdd5 38. h6 Ke3 39. h7 Rd8
40. Rf8 1-0